000 01249nam a22001817a 4500
999 _c59138
_d59138
003 Ge_BSU
005 20221130111125.0
008 221130s1978ge xxu||||| |||| 00| 0 geo d
041 _ageo
080 _a821.133.1-84+ 94(44)+17(44)(09) ლ-13
100 _aლაბრუიერი, ჟან დე, ავტორი.
_916226
245 _aხასიათები ანუ ჩვენი საუკუნის ზნე-ჩვეულებანი /
_cჟან დე ლაბრუიერი ; ფრანგ. თარგმნა, შესავალი წერილი-ჟან დე ლაბრუიერის "ხასიათები ანუ ჩვენი საუკუნის ზნე-ჩვეულებანი" და შენიშვნ. დაურთო რ. დოდაშვილმა
264 _aთბილისი :
_bნაკადული,
_c1978.
300 _a458 გვ. ;
_b 21 სმ.
653 _aსაფრანგეთის ისტორია. ფრანგული მორალისტური აზრის ისტორია.
700 _a დოდაშვილი, რ
_eმთარგმნელი
_916227
942 _2udc
_cBK